Catálogo
 En Linea

Presupuesto ciudadano 2019 : (Registro nro. 52388)

Detalles MARC
000 -CABECERA
campo de control de longitud fija 02022nam a2200289 i 4500
001 - NÚMERO DE CONTROL
campo de control 000048314
003 - IDENTIFICADOR DEL NÚMERO DE CONTROL
campo de control DO-SdBNP
005 - FECHA Y HORA DE LA ÚLTIMA TRANSACCIÓN
campo de control 20240206140626.0
007 - CAMPO FIJO DE DESCRIPCIÓN FÍSICA--INFORMACIÓN GENERAL
campo de control de longitud fija ta
008 - DATOS DE LONGITUD FIJA--INFORMACIÓN GENERAL
campo de control de longitud fija 190122s2019 dr a r 000 0 spa d
040 ## - FUENTE DE LA CATALOGACIÓN
Centro catalogador/agencia de origen DO-SdBNP
Lengua de catalogación spa
Centro/agencia transcriptor BNPHU
Normas de descripción rda
082 #4 - NÚMERO DE LA CLASIFICACIÓN DECIMAL DEWEY
Número de documento/Ítem R426p, 2019
Número de edición 22
110 2# - ENTRADA PRINCIPAL--NOMBRE DE ENTIDAD CORPORATIVA
Nombre de entidad corporativa o nombre de jurisdicción como elemento de entrada República Dominicana
Unidad subordinada Dirección General de Presupuesto
9 (RLIN) 74075
245 10 - MENCIÓN DE TÍTULO
Título Presupuesto ciudadano 2019 :
Resto del título ley no. 61-18 del presupuesto general del Estado 2019 /
264 #1 - PRODUCCIÓN, PUBLICACIÓN, DISTRIBUCIÓN, FABRICACIÓN Y COPYRIGHT
Producción, publicación, distribución, fabricación y copyright Santo Domingo :
Nombre del de productor, editor, distribuidor, fabricante Ministerio de Hacienda,
-- Dirección General de Presupuesto,
Fecha de producción, publicación, distribución, fabricación o copyright [2019].
300 ## - DESCRIPCIÓN FÍSICA
Extensión 21 páginas
Otras características físicas ilustraciones
Dimensiones 22 cm.
336 ## - TIPO DE CONTENIDO
Fuente rdacontent
Término de tipo de contenido texto
Código de tipo de contenido txt
337 ## - TIPO DE MEDIO
Fuente rdamedia
Nombre/término del tipo de medio sin mediación
Código del tipo de medio n
338 ## - TIPO DE SOPORTE
Fuente rdacarrier
Nombre/término del tipo de soporte volumen
Código del tipo de soporte nc
505 ## - NOTA DE CONTENIDO CON FORMATO
Título ¿Cómo se elabora el presupuesto? 6 --
-- ¿Qué contempla la ley 61-18 del presupuesto general del Estado 2019? 7 --
-- Principales variables macroeconómicas que se usaron para elaborar la ley no. 61-18 del presupuesto general del Estado 2019 8 --
-- Pilares fundamentales que sirvieron de base para la elaboración de la ley no. 61-18 del presupuesto general del Estado 2019 9 --
-- De cada 100 pesos que reciba el gobierno en 2019 provendrán de 10 --
-- En el 2019, se tomará prestado de 11 --
-- Cada 100 pesos que gaste el Gobierno se destinarán a 12 --
-- ¿Quién lo gastará? (Clasificación institucional) Millones RD$ 13 --
-- ¿En qué se gastará? (Clasificación económica) Millones RD$ 14 --
-- Principales proyectos de inversión Millones RD$ 15 --
-- ¿Para qué se gastará) (Clasificación funcional) Millones RD$ 16 --
-- Para el 2019 se continuará con la reducción del déficit del Gobierno 17 --
-- ¿Dónde se consigue más información acerca del Presupuesto? 18
590 ## - NOTA LOCAL (RLIN)
Nota local Inventariado, 2019/DG
650 #4 - PUNTO DE ACCESO ADICIONAL DE MATERIA--TÉRMINO DE MATERIA
Término de materia o nombre geográfico como elemento de entrada Presupuesto nacional
Subdivisión geográfica República Dominicana
Subdivisión cronológica 2016
9 (RLIN) 75735
650 #4 - PUNTO DE ACCESO ADICIONAL DE MATERIA--TÉRMINO DE MATERIA
Término de materia o nombre geográfico como elemento de entrada Hacienda pública
Subdivisión geográfica República Dominicana
9 (RLIN) 6562
651 #4 - PUNTO DE ACCESO ADICIONAL DE MATERIA--NOMBRE GEOGRÁFICO
Nombre geográfico República Dominicana
Subdivisión general Gastos Presupuestarios Públicos
9 (RLIN) 36795
910 ## - DATOS DE OPCIÓN DEL USUARIO (OCLC)
Datos de opción del usuario DG
942 ## - ELEMENTOS DE PUNTO DE ACCESO ADICIONAL (KOHA)
Fuente del sistema de clasificación o colocación Dewey Decimal Classification
Tipo de ítem Koha Folleto
Existencias
Estado de retiro Estado de pérdida Fuente del sistema de clasificación o colocación Restricciones de uso No para préstamo Código de colección Localización permanente Ubicación/localización actual Ubicación en estantería Fecha de adquisición Signatura topográfica completa Código de barras Fecha visto por última vez Precio válido a partir de Tipo de ítem Koha Número de copia Total de préstamos
    Dewey Decimal Classification Excluido de préstamo   Patrimonio Dominicano Folletos Biblioteca Nacional Pedro Henríquez Ureña Biblioteca Nacional Pedro Henríquez Ureña En catalogación 14.09.2022 BNPHU PD xxx R426p, 2019 2022-3928 14.09.2022 14.09.2022 Folleto    
    Dewey Decimal Classification Excluido de préstamo   Patrimonio Dominicano Folletos Biblioteca Nacional Pedro Henríquez Ureña Biblioteca Nacional Pedro Henríquez Ureña En catalogación 14.09.2022 BNPHU PD xxx R426p, 2019 2022-3929 14.09.2022 14.09.2022 Folleto e.2  
    Dewey Decimal Classification Préstamo en sala   Patrimonio Dominicano Folletos Biblioteca Nacional Pedro Henríquez Ureña Biblioteca Nacional Pedro Henríquez Ureña En catalogación 14.09.2022 BNPHU DS xxx R426p, 2019 2022-3930 14.09.2022 14.09.2022 Folleto e.3  
    Dewey Decimal Classification Préstamo en sala   Dominicana de Servicio Biblioteca Nacional Pedro Henríquez Ureña Biblioteca Nacional Pedro Henríquez Ureña En catalogación 14.09.2022 BNPHU DS R426p, 2019 2024-0745 06.02.2024 14.09.2022 Folleto e. 4  
    Dewey Decimal Classification Préstamo en sala   Dominicana de Servicio Biblioteca Nacional Pedro Henríquez Ureña Biblioteca Nacional Pedro Henríquez Ureña En catalogación 14.09.2022 BNPHU DS R426p, 2019 2024-0746 06.02.2024 14.09.2022 Folleto e. 5  

Con tecnología Koha